EFL League Two Play-Off Finalists - Statistics

General Stats
  • This quiz has been taken 18 times
    3 since last reset
  • The average score is 37 of 51
Answer Stats
Year Winners % Correct
2016 AFC Wimbledon
100%
1991 Blackpool
100%
2003 Bournemouth
100%
2013 Bradford City
100%
1995 Bury
100%
1990 Cambridge United
100%
1998 Colchester United
100%
2014 Fleetwood Town
100%
2009 Gillingham
100%
2004 Huddersfield Town
100%
1989 Leyton Orient
100%
2021 Morecambe
100%
1997 Northampton Town
100%
2022 Port Vale
100%
2026 Salford City
100%
1989 Wrexham
100%
1994 Wycombe Wanderers
100%
1993 York City
100%
2007 Bristol Rovers
67%
2014 Burton Albion
67%
2023 Carlisle United
67%
1990 Chesterfield
67%
2018 Coventry City
67%
2024 Crawley Town
67%
1993 Crewe Alexandra
67%
1988 Swansea City
67%
2017 Exeter City
67%
2006 Grimsby Town
67%
2003 Lincoln City
67%
2004 Mansfield Town
67%
2019 Newport County
67%
2026 Notts County
67%
1996 Plymouth Argyle
67%
1994 Preston North End
67%
2008 Rochdale
67%
2010 Rotherham United
67%
1992 Scunthorpe United
67%
2007 Shrewsbury Town
67%
2005 Southend United
67%
2011 Stevenage
67%
2008 Stockport County
67%
2019 Tranmere Rovers
67%
2025 Walsall
67%
1987 Aldershot
33%
2002 Cheltenham Town
33%
2010 Dagenham & Redbridge
33%
1996 Darlington
33%
2000 Peterborough United
33%
2002 Rushden & Diamonds
33%
1988 Torquay United
33%
1987 Wolverhampton Wanderers
33%
No matching quizzes found
Score Distribution
Percent of People with Each Score
Percentile by Number Answered
Your Score History
You have not taken this quiz since the last reset